UBT Library

Selected statutes, rules, and forms under the federal securities laws. (Record no. 41438)

000 -LEADER
fixed length control field 01442cas a2200385 a 4500
001 - CONTROL NUMBER
control field 11325545
005 - DATE AND TIME OF LATEST TRANSACTION
control field 20180201032255.0
008 - FIXED-LENGTH DATA ELEMENTS--GENERAL INFORMATION
fixed length control field 830418d19721989nyuar l 0 a0eng c
010 ## - LIBRARY OF CONGRESS CONTROL NUMBER
LC control number 87640246
022 0# - INTERNATIONAL STANDARD SERIAL NUMBER
International Standard Serial Number 0898-9680
Source 1
035 ## - SYSTEM CONTROL NUMBER
System control number (OCoLC)ocm09421906
040 ## - CATALOGING SOURCE
Original cataloging agency COO
Language of cataloging eng
Transcribing agency COO
Modifying agency DLC
-- HUL
-- DLC
-- NSD
-- DLC
-- HUL
-- DLC
-- NSD
-- OCL
-- DLC
-- OCLCQ
-- OCLCG
-- OCLCQ
-- OCLCF
-- OCLCO
041 ## - LANGUAGE CODE
Language code of text/sound track or separate title eng
042 ## - AUTHENTICATION CODE
Authentication code pcc
-- nsdp
043 ## - GEOGRAPHIC AREA CODE
Geographic area code n-us---
080 ## - UNIVERSAL DECIMAL CLASSIFICATION NUMBER
Universal Decimal Classification number 346.730666 JEN
082 00 - DEWEY DECIMAL CLASSIFICATION NUMBER
Classification number 346.730666 JEN
-- 347.306666
Edition number 19
100 ## - Rafti
Rafti 14
101 ## - Shkurtesa
Shkurtesa JUR
210 0# - ABBREVIATED TITLE
Abbreviated title Sel. statut. rules forms under fed. secur. laws
222 #0 - KEY TITLE
Key title Selected statutes, rules, and forms under the federal securities laws
245 00 - TITLE STATEMENT
Title Selected statutes, rules, and forms under the federal securities laws.
246 14 - VARYING FORM OF TITLE
Title proper/short title Securities regulation
Date or sequential designation 1972
246 14 - VARYING FORM OF TITLE
Title proper/short title Federal securities laws
Date or sequential designation 1989
310 ## - CURRENT PUBLICATION FREQUENCY
Current publication frequency Annual
362 0# - DATES OF PUBLICATION AND/OR SEQUENTIAL DESIGNATION
Dates of publication and/or sequential designation 1972 suppl.-1989 ed.
515 ## - NUMBERING PECULIARITIES NOTE
Numbering peculiarities note Vol. for 1972 called 1972 supplement, v. for 1975-1989 called 1975 ed.-1989 ed.
515 ## - NUMBERING PECULIARITIES NOTE
Numbering peculiarities note None published for 1976?
590 ## - LOCAL NOTE (RLIN)
Local note SERBIB/SERLOC merged record
776 08 - ADDITIONAL PHYSICAL FORM ENTRY
Display text Online version:
Title Selected statutes, rules, and forms under the federal securities laws
Record control number (OCoLC)705735963
785 00 - SUCCEEDING ENTRY
Title Federal securities laws
International Standard Serial Number 1061-7078
Record control number (DLC) 92643867
-- (OCoLC)24269562
906 ## - LOCAL DATA ELEMENT F, LDF (RLIN)
a 7
b cbc
c serials
d 3
e ncip
f 19
g n-oclcserc
942 ## - ADDED ENTRY ELEMENTS (KOHA)
Source of classification or shelving scheme
Item type Books
Holdings
Withdrawn status Lost status Source of classification or shelving scheme Damaged status Not for loan Collection code Permanent location Current location Shelving location Date acquired Total Checkouts Full call number Barcode Date last seen Price effective from Koha item type
          Koleksioni i përgjithshem UBT - Lipjan UBT - Lipjan Koleksioni i përgjithshem 02/01/2018   346.730666 JEN 002-2997694 02/01/2018 02/01/2018 Books
UBT Library © 2015-2024. All rights reserved University Education for Business and Technology